|
|
|
|
| LEADER |
01664nam a2200265 u 4500 |
| 001 |
10046245 |
| 003 |
upatras |
| 005 |
20231114115600.0 |
| 008 |
030401s2008 gr 1 gre |
| 040 |
|
|
|a GR-PaULI
|c GR-PaULI
|b gre
|
| 082 |
0 |
4 |
|a 379.26
|
| 110 |
|
|
|a Ισότητα των Φύλων και Εκπαίδευση, προετοιμάζοντας Ισότιμους Πολίτες
|c Αθήνα, Ελλάδα)
|d (2008 :
|9 157572
|
| 245 |
1 |
0 |
|a Ισότητα των φύλων και εκπαίδευση :
|b προετοιμάζοντας ισότιμους πολίτες, πρακτικά συνεδρίου, Αθήνα, 3-5 Ιουλίου 2008 /
|c εισαγωγή - επιμέλεια Λ. Αλιπράντη - Μαράτου, Μ. Γκασούκα [και] Χ. Καραγιαννοπούλου
|
| 246 |
1 |
3 |
|a
|
| 260 |
|
|
|a Αθήνα :
|b Κέντρο Ερευνών για Θέματα Ισότητας,
|c 2008
|
| 300 |
|
|
|a 208 σ. :
|c 30 εκ.
|
| 650 |
|
4 |
|a Διαφορές φύλου στην εκπαίδευση
|x Διαφορές των φύλων
|9 61702
|
| 650 |
|
0 |
|9 38557
|a Εκπαιδευτική ισότητα
|
| 700 |
|
|
|9 157574
|a Γκασούκα, Μαρία
|e επιμελήτρια
|
| 700 |
|
|
|9 157575
|a Καραγιαννοπούλου, Χαρά
|e επιμελήτρια
|
| 700 |
1 |
|
|a Μαράτου-Αλιπράντη, Λάουρα
|e επιμελήτρια
|9 40344
|
| 942 |
|
|
|2 ddc
|c BK15
|
| 952 |
|
|
|0 0
|1 0
|2 ddc
|4 0
|6 379_260000000000000_ΙΣΟ
|7 0
|9 206469
|a LISP
|b LISP
|c BSC
|d 2016-10-13
|i 117544
|l 4
|m 3
|o 379.26 ΙΣΟ
|p 025000234106
|r 2020-06-10 00:00:00
|s 2020-02-07
|t 1
|w 2016-10-13
|y BK15
|
| 998 |
|
|
|c ΜΠΟΥΡΑΣ
|d 2016-10
|
| 999 |
|
|
|c 125558
|d 125558
|